Global energy prospects (Record no. 358888)
[ view plain ]
| 000 -LEADER | |
|---|---|
| fixed length control field | 003790000a22001690004500 |
| 060 ## - NATIONAL LIBRARY OF MEDICINE CALL NUMBER | |
| Classification number | 100 |
| 082 ## - DEWEY DECIMAL CLASSIFICATION NUMBER | |
| Classification number | 531.6 CHO |
| 100 ## - MAIN ENTRY--PERSONAL NAME | |
| Personal name | Choe, Boum Jong |
| 100 ## - MAIN ENTRY--PERSONAL NAME | |
| Personal name | Lambertini, Adrian |
| 100 ## - MAIN ENTRY--PERSONAL NAME | |
| Personal name | Pollak, Peter |
| 245 ## - TITLE STATEMENT | |
| Title | Global energy prospects |
| 260 ## - PUBLICATION, DISTRIBUTION, ETC. (IMPRINT) | |
| Place of publication, distribution, etc. | U S A, World bank staff |
| 260 ## - PUBLICATION, DISTRIBUTION, ETC. (IMPRINT) | |
| Date of publication, distribution, etc. | 1981 |
| 300 ## - PHYSICAL DESCRIPTION | |
| Extent | 65 |
| 650 ## - SUBJECT ADDED ENTRY--TOPICAL TERM | |
| Topical term or geographic name as entry element | Global energy prospects |
| 942 ## - ADDED ENTRY ELEMENTS (KOHA) | |
| Koha item type | Books (General) |
| Withdrawn status | Lost status | Damaged status | Not for loan | Home library | Current library | Date acquired | Total Checkouts | Full call number | Barcode | Date last seen | Price effective from | Koha item type |
|---|---|---|---|---|---|---|---|---|---|---|---|---|
| College of Agriculture, Vellayani | College of Agriculture, Vellayani | 02/05/2014 | 531.6 CHO | KAU_COAV-20237 | 02/05/2014 | 02/05/2014 | Books (General) |
